| 000 | 00775cam a2200277 i 4500 | ||
|---|---|---|---|
| 999 |
_c10036 _d10036 |
||
| 001 | 10036 | ||
| 003 | BD-JhCC | ||
| 005 | 20180404183237.0 | ||
| 008 | 180404s1974 ii b 001 0 eng | ||
| 020 | _cRs65.00 | ||
| 035 | _a(BD-JhCC)10036 | ||
| 040 |
_aDLC _cDLC _dDLC _dBD-JhCC |
||
| 041 | _aeng | ||
| 050 | 0 | 0 |
_aDS485.B49 _bD33 |
| 082 | 0 | 0 |
_a954/.14 _bDEA 1974 |
| 100 | 1 |
_aDe, Amalendu, _d1929-2014. |
|
| 245 | 1 | 0 |
_aRoots of separatism in nineteenth century Bengal / _cAmalendu De. |
| 260 |
_aCalcutta : _bRatna Prakashan, _c1974. |
||
| 300 |
_a190 p. ; _c22 cm. |
||
| 500 | _aIncludes index. | ||
| 504 | _aBibliography: p. [171]-187. | ||
| 650 | 0 |
_aMuslims _zIndia _zBengal _xHistory. |
|
| 651 | 0 |
_aBengal (India) _xHistory. |
|
| 942 |
_2ddc _cREF |
||